000 00378nam a2200145Ia 4500
008 230917s9999||||xx |||||||||||||| ||und||
040 _e46575
_aMAIN
041 _aEnglish
082 _a821.8 W671S
100 _aWilliams, Charles
245 0 _aCharles Williams: Selected writings
260 _aLondon
_bOxford University press
_c1961
300 _aviii, 244 p.
942 _cBK
999 _c187178
_d187178